000 01369cam a22003857a 4500
003 CHAP
005 20220329134922.0
008 971013s1977 r 00010 d
010 _a28055
011 _a29027
035 _a33138
040 _cCHAP
090 _aFolleto 6662
100 0 0 _aLama García, Alfredo de la.
_964527
245 0 _aSurge la sociedad de masas
260 _aMéxico :
_bANUIES,
_c1977
300 _a2 v.
490 0 _aTemas básicos. Historia
590 _aBATCH-UPD
_b10
_c20130110
_lUCH01
_h0149
590 _aBATCH-UPD
_b10
_c20130110
_lUCH01
_h0947
590 _aBATCH-UPD
_b10
_c20130409
_lUCH01
_h2149
590 _aBATCH-UPD
_b10
_c20130410
_lUCH01
_h0602
590 _aBATCH-UPD
_b10
_c20130914
_lUCH01
_h2029
590 _aCONVERSION
_b10
_c20130109
_lUCH01
_h1316
650 1 4 _aSociología.
_9108197
830 0 _aTemas básicos. Historia
_9112133
901 _aBK
942 _cFOLL
949 _aFolleto 6662
_bBC
_cFOLL
_d-77023
_eTS1
_fv.1
_i33138
_si
_t61.00
949 _aFolleto 6662
_bBC
_cFOLL
_d-77024
_eTS2
_fv.1 c.2
_i33138
_si
_t61.00
949 _aFolleto 6662
_bBC
_cFOLL
_d-77025
_eTS1
_fv.2
_i33138
_si
_t61.00
949 _aFolleto 6662
_bBC
_cFOLL
_d-77026
_eTS2
_fv.2 c.2
_i33138
_si
_t61.00
949 _aFolleto 6662
_bBC
_cFOLL
_d-77027
_eTS1
_fv.3
_i33138
_si
_t61.00
949 _aFolleto 6662
_bBC
_cFOLL
_d-77028
_eTS2
_fv.3 c.2
_i33138
_si
_t61.00
999 _c28055
_d28055